Govt. of
Madhya Pradesh

Normal view MARC view

Entry Personal Name

Number of records used in: 1

001 - CONTROL NUMBER

  • control field: 2307

003 - CONTROL NUMBER IDENTIFIER

  • control field: OSt

005 - DATE AND TIME OF LATEST TRANSACTION

  • control field: 20150716131536.0

008 - FIXED-LENGTH DATA ELEMENTS

  • fixed length control field: 150716|| aca||aabn | a|a d

040 ## - CATALOGING SOURCE

  • Original cataloging agency: OSt
  • Transcribing agency: OSt

100 ## - HEADING--PERSONAL NAME

  • Personal name: चटर्जी, सत्‍य प्रसाद

670 ## - SOURCE DATA FOUND

  • Source citation: Work cat.: (OSt): 304/3 चटर्जी, सत्‍य प्रसाद, डाक टिकट की कहानी/‍चिडियाघर में/Books Forever, 2004